header

Sociocultural perspectives on language change in diaspora (Record no. 2681)

MARC details
000 -LEADER
fixed length control field 01588nam a2200373Ia 4500
082 04 - DEWEY DECIMAL CLASSIFICATION NUMBER
Classification number 491.72/421
100 1# - MAIN ENTRY--AUTHOR NAME
Personal name Andrews, David R.
245 10 - TITLE STATEMENT
Title Sociocultural perspectives on language change in diaspora
260 ## - PUBLICATION, DISTRIBUTION, ETC. (IMPRINT)
Place of publication Amsterdam ;
-- Philadelphia :
Name of publisher J. Benjamins Pub. Co.,
Year of publication 1998.
300 ## - PHYSICAL DESCRIPTION
Number of Pages xiv, 182 p.
490 1# - SERIES STATEMENT
Series statement Impact, studies in language and society,
650 #0 - SUBJECT ADDED ENTRY--TOPICAL TERM
Topical Term Russian language
Topical Term Russian language
Topical Term Russian Americans
Topical Term Linguistic change
Topical Term Languages in contact
856 40 - ELECTRONIC LOCATION AND ACCESS
Uniform Resource Identifier http://site.ebrary.com/lib/rucke/Doc?id=5000195

No items available.

© 2026 Rongo University
Contact us: librarian | system librarian | Rongo university